000
00303nam a22001217a 4500
999
_c
5058
_d
5058
008
250516b ||||| |||| 00| 0 eng d
020
_a
9781628321166
082
_a
599.79 RIG
100
_a
RIGGS,KATE
_e
AUTHOR
245
_a
SEA LIONS
260
_b
CREATIVE EDUCATION AND CREATIVE PAPERBACKS
942
_2
ddc